Danh lam nước Việt = Vietnam's famous pagodas

Zapisane w:
Opis bibliograficzny
1. autor: Võ Văn Tường
Format: Książka
Język:Undetermined
Wydane: Tp. HCM Mỹ Thuật 1995
Hasła przedmiotowe:
Etykiety: Dodaj etykietę
Nie ma etykietki, Dołącz pierwszą etykiete!
Thư viện lưu trữ: Trung tâm Học liệu Trường Đại học Cần Thơ
LEADER 00582nam a2200181Ia 4500
001 CTU_29716
008 210402s9999 xx 000 0 und d
082 |a 915.97 
082 |b T561d 
100 |a Võ Văn Tường 
245 0 |a Danh lam nước Việt 
245 0 |b = Vietnam's famous pagodas 
245 0 |c Võ Văn Tường, Huỳnh Như Phương 
260 |a Tp. HCM 
260 |b Mỹ Thuật 
260 |c 1995 
650 |a pagodas - vietnam,temples, buddhist,vietnam - description and travel 
980 |a Trung tâm Học liệu Trường Đại học Cần Thơ